Hospodaření s obaly

Salvato in:
Dettagli Bibliografici
Autore principale: Hubálek, Josef
Altri autori: Hrachovina, Karel
Natura: Libro
Lingua:ceco
Pubblicazione: Praha SNTL 1975
Tags: Aggiungi Tag
Nessun Tag, puoi essere il primo ad aggiungerne!!

MARC

LEADER 00000nam$a2200000$$$4500
001 0019004
005 20240109105426.2
041 0 |a cze 
044 |a CZ 
245 1 0 |a Hospodaření s obaly  |c Josef Hubálek - Karel Hrachovina 
264 1 |a Praha  |b SNTL  |c 1975 
300 |a 198 s. 
100 1 |a Hubálek, Josef 
700 1 |a Hrachovina, Karel